000
00265nam a22001217a 4500
008
190226b xxu||||| |||| 00| 0 eng d
041
_a
eng
080
_a
821
100
_a
21
101
_a
GJL
245
_a
Recent American Literature
_c
Heiney,D
942
_2
udc
_c
BK
999
_c
54268
_d
54268